Rebel on the canal: Disrupted trade access and social conflict in China, 1650–1911 (Record no. 521187)

000 -LEADER
fixed length control field 01187nam a22001577a 4500
008 - FIXED-LENGTH DATA ELEMENTS--GENERAL INFORMATION
fixed length control field 221226b ||||| |||| 00| 0 eng d
100 ## - MAIN ENTRY--PERSONAL NAME
Personal name Cao, Yiming and Chen, Shuo
245 ## - TITLE STATEMENT
Title Rebel on the canal: Disrupted trade access and social conflict in China, 1650–1911
260 ## - PUBLICATION, DISTRIBUTION, ETC. (IMPRINT)
Place of publication, distribution, etc The American Economic Review
300 ## - PHYSICAL DESCRIPTION
Extent 112(5), May, 2022: p.1555-1590
520 ## - SUMMARY, ETC.
Summary, etc This paper examines the effects of the abandonment of China's Grand Canal—the world's largest and oldest artificial waterway—which served as a disruption to regional trade access. Using an original dataset covering 575 counties over 262 years, we show that the canal's abandonment contributed to the social turmoil that engulfed North China in the nineteenth century. Counties along the canal experienced an additional 117 percent increase in rebelliousness after the canal's closure relative to their non-canal counterparts. Our findings highlight the important role that continued access to trade routes plays in reducing conflict. – Reproduced
650 ## - SUBJECT ADDED ENTRY--TOPICAL TERM
Topical term or geographic name as entry element Disrupted trade, Social conflict, China
9 (RLIN) 36399
773 ## - HOST ITEM ENTRY
Main entry heading The American Economic Review
906 ## - LOCAL DATA ELEMENT F, LDF (RLIN)
Subject DIP SOCIAL CONFLICTS
942 ## - ADDED ENTRY ELEMENTS (KOHA)
Item type Articles
Holdings
Withdrawn status Lost status Source of classification or shelving scheme Damaged status Not for loan Permanent location Current location Date acquired Serial Enumeration / chronology Barcode Date last seen Koha item type
          Indian Institute of Public Administration Indian Institute of Public Administration 2022-12-26 112(5), May, 2022: p.1555-1590 AR127741 2022-12-26 Articles

Powered by Koha